Pailock /
Збережено в:
| Автор: | |
|---|---|
| Формат: | Невідомо |
| Мова: | Spanish |
| Опубліковано: |
Cuba :
Editorial Letras Cubanas,
1991.
|
| Предмети: | |
| Теги: |
Додати тег
Немає тегів, Будьте першим, хто поставить тег для цього запису!
|
MARC
| LEADER | 000000000a22000000004500 | ||
|---|---|---|---|
| 001 | 001895 | ||
| 041 | 0 | |a spa | |
| 082 | 0 | 4 | |a Cu863.4 |b V666p |
| 100 | 1 | |a Vieta, Ezequiel | |
| 245 | 1 | 0 | |a Pailock / |c Ezequiel Vieta. |
| 260 | 1 | |a Cuba : |b Editorial Letras Cubanas, |c 1991. | |
| 300 | |a 499 páginas ; |c 23 x 15 cm. | ||
| 650 | 4 | |a LITERATURA CUBANA | |
| 650 | 4 | |a CUENTOS | |
| 999 | |c 8541 |d 8541 | ||
| 942 | |c BK |h Cu863.4 V666p |2 z | ||
